[Event "Reunion op 14th"]
[Site "St Denis"]
[Date "2012.10.13"]
[Round "9"]
[White "Caro, Vincent"]
[Black "Dennemont, Bruno"]
[Result "1-0"]
[WhiteElo "1280"]
[BlackElo "1299"]
[PlyCount "109"]
[EventDate "2012.10.06"]
[EventType "swiss"]
[EventRounds "9"]
[EventCountry "RUF"]
[SourceTitle "EXT 2013"]
[Source "ChessBase"]
[SourceDate "2012.11.22"]
[SourceVersion "1"]
[SourceVersionDate "2012.11.22"]
[SourceQuality "1"]

1. e4 e5 2. Nf3 Nc6 3. Bb5 Nge7 4. d3 f6 5. 0-0 d6 6. d4 Bd7 7. dxe5 fxe5 8. Bc4 Na5 9. Bd3 Ng6 10. Bd2 c5 11. Qe1 Nc6 12. Bc4 Be7 13. Qc1 Nd4 14. Nxd4 cxd4 15. c3 Rc8 16. Bd5 b6 17. Qe1 Bg5 18. a4 Bxd2 19. Qxd2 Nf4 20. cxd4 Qg5 21. f3 Nh3+ 22. Kh1 Qxd2 23. Nxd2 Ng5 24. dxe5 dxe5 25. Rfc1 Ke7 26. Kg1 Be6 27. Bxe6 Nxe6 28. Kf2 Nd4 29. Rc4 Rhd8 30. Rac1 a6 31. Rxc8 Rxc8 32. Rxc8 Kd7 33. Ra8 a5 34. Ke3 Nc2+ 35. Kd3 Ne1+ 36. Kc4 Kc6 37. Rg8 g6 38. Rg7 Nxg2 39. Rxh7 Nf4 40. Rh8 Ne6 41. Rg8 g5 42. Re8 Nc5 43. b3 Nd7 44. Rg8 Nf6 45. Rg6 Kd7 46. Rxf6 Ke7 47. Rxb6 g4 48. fxg4 Kf7 49. Kb5 Ke7 50. Kxa5 Kd7 51. Kb5 Kc7 52. Kc5 Kc8 53. a5 Kd7 54. a6 Kc7 55. a7 1-0

[Event "Reunion op 14th"]
[Site "St Denis"]
[Date "2012.10.10"]
[Round "5"]
[White "Cazal, Julian"]
[Black "Caro, Vincent"]
[Result "0-1"]
[WhiteElo "1130"]
[BlackElo "1280"]
[PlyCount "54"]
[EventDate "2012.10.06"]
[EventType "swiss"]
[EventRounds "9"]
[EventCountry "RUF"]
[SourceTitle "EXT 2013"]
[Source "ChessBase"]
[SourceDate "2012.11.22"]
[SourceVersion "1"]
[SourceVersionDate "2012.11.22"]
[SourceQuality "1"]

1. e4 e5 2. Nf3 Nc6 3. Bd3 Nf6 4. 0-0 Bc5 5. Bc4 0-0 6. c3 Nxe4 7. d4 exd4 8. cxd4 d5 9. Bd3 Nxd4 10. Bc2 Nxc2 11. Qxc2 Bb6 12. Nc3 Nxc3 13. Bg5 Qd6 14. bxc3 Bg4 15. Nh4 Rae8 16. Qa4 Bh5 17. c4 Re4 18. Nf5 Qc5 19. Qd7 Rfe8 20. Bd2 Be2 21. Rfe1 Qxf2+ 22. Kh1 R4e5 23. Bb4 c5 24. Ba3 Qxf5 25. Qxb7 Bxc4 26. Bb2 Rxe1+ 27. Rxe1 Rxe1# 0-1

[Event "Reunion op 14th"]
[Site "St Denis"]
[Date "2012.10.06"]
[Round "1"]
[White "Caro, Vincent"]
[Black "Desire, Michael"]
[Result "0-1"]
[WhiteElo "1280"]
[BlackElo "1780"]
[PlyCount "56"]
[EventDate "2012.10.06"]
[EventType "swiss"]
[EventRounds "9"]
[EventCountry "RUF"]
[SourceTitle "EXT 2013"]
[Source "ChessBase"]
[SourceDate "2012.11.22"]
[SourceVersion "1"]
[SourceVersionDate "2012.11.22"]
[SourceQuality "1"]

1. f4 e5 2. g3 exf4 3. Nf3 Be7 4. d3 fxg3 5. hxg3 d5 6. Nc3 Bf5 7. e3 Qd6 8. Rg1 c6 9. g4 Bg6 10. Qe2 Nd7 11. Bd2 h5 12. gxh5 Bxh5 13. 0-0-0 Ne5 14. Bg2 Nf6 15. Rh1 0-0-0 16. Rdf1 Nfg4 17. Nxe5 Qxe5 18. Rxh5 Qxh5 19. Rh1 Qg6 20. Bh3 Kb8 21. Qf3 Ne5 22. Qf4 Bd6 23. Qf2 Qxd3 24. Bf5 Rxh1+ 25. Nd1 Qa6 26. Kb1 Rxd1+ 27. Bc1 Nc4 28. Bd3 Na3+ 0-1

[Event "Reunion op 13th"]
[Site "St Denis"]
[Date "2011.10.07"]
[Round "8"]
[White "Caro, Vincent"]
[Black "Cazal, Julian"]
[Result "0-1"]
[WhiteElo "1199"]
[BlackElo "1050"]
[PlyCount "34"]
[EventDate "2011.10.01"]
[EventType "swiss"]
[EventRounds "9"]
[EventCountry "RUF"]
[SourceTitle "EXT 2012"]
[Source "ChessBase"]
[SourceDate "2011.11.24"]
[SourceVersion "1"]
[SourceVersionDate "2011.11.24"]
[SourceQuality "1"]

1. e4 e5 2. Nf3 d6 3. Bb5+ c6 4. Bc4 Qe7 5. 0-0 Nh6 6. Re1 Qf6 7. d4 Bh3 8. gxh3 Qg6+ 9. Bg5 Nd7 10. dxe5 Nxe5 11. Re3 Be7 12. h4 f6 13. Nd4 fxg5 14. Kf1 Neg4 15. Ke2 Qf6 16. Ne6 Qxf2+ 17. Kd3 Qxe3# 0-1

[Event "Reunion op 13th"]
[Site "St Denis"]
[Date "2011.10.02"]
[Round "3"]
[White "Saint Paul, Jeremi"]
[Black "Caro, Vincent"]
[Result "0-1"]
[WhiteElo "1009"]
[BlackElo "1199"]
[PlyCount "90"]
[EventDate "2011.10.01"]
[EventType "swiss"]
[EventRounds "9"]
[EventCountry "RUF"]
[SourceTitle "EXT 2012"]
[Source "ChessBase"]
[SourceDate "2011.11.24"]
[SourceVersion "1"]
[SourceVersionDate "2011.11.24"]
[SourceQuality "1"]

1. e4 e5 2. d4 f6 3. dxe5 fxe5 4. Nf3 Nc6 5. Qd5 Nf6 6. Qd1 Bb4+ 7. c3 Bc5 8. Ng5 d6 9. Qh5+ Nxh5 10. Be2 Qxg5 11. Bxg5 g6 12. g4 Ng7 13. Bf6 Rg8 14. Na3 Ne6 15. b4 Rf8 16. Bh4 Bb6 17. b5 Ne7 18. Bxe7 Kxe7 19. Nc4 Bxf2+ 20. Kd2 Nf4 21. Bf3 Be6 22. Nb2 Rac8 23. Rhf1 Nh3 24. Nd3 Rxf3 25. Ke2 Bxg4 26. Rxf2 Rxf2+ 27. Ke1 Rxh2 28. Kf1 Rf8+ 29. Ke1 Rh1+ 30. Kd2 Rxa1 31. Nb2 Rxa2 32. Kc2 Rf2+ 33. Kb3 Rfxb2+ 34. Kc4 Ke6 35. Kd3 d5 36. exd5+ Kxd5 37. c4+ Kc5 38. Ke4 a6 39. Kxe5 axb5 40. cxb5 Re2+ 41. Kf6 Kd6 42. Kg7 Re7+ 43. Kf8 Rf2+ 44. Kg8 Be6+ 45. Kh8 Rf8# 0-1

[Event "Reunion op 13th"]
[Site "St Denis"]
[Date "2011.10.01"]
[Round "1"]
[White "Romain, Arnaud"]
[Black "Caro, Vincent"]
[Result "1-0"]
[WhiteElo "1693"]
[BlackElo "1199"]
[PlyCount "51"]
[EventDate "2011.10.01"]
[EventType "swiss"]
[EventRounds "9"]
[EventCountry "RUF"]
[SourceTitle "EXT 2012"]
[Source "ChessBase"]
[SourceDate "2011.11.24"]
[SourceVersion "1"]
[SourceVersionDate "2011.11.24"]
[SourceQuality "1"]

1. d4 d5 2. Nc3 Nf6 3. Bg5 h6 4. Bf4 Bf5 5. Nf3 Nc6 6. e3 e6 7. Bb5 Bb4 8. 0-0 Bd6 9. Ne5 Qe7 10. Nxc6 Qf8 11. Ne5+ Kd8 12. Bd3 g6 13. Nb5 h5 14. Nxd6 cxd6 15. Bg5 Qe7 16. Nf3 Kc8 17. Bxf5 exf5 18. Rc1 Rh7 19. Qd3 Qd8 20. c4 Kd7 21. cxd5 Qh8 22. Qb5+ Kd8 23. Qxb7 Qg7 24. Qxa8+ Kd7 25. Qxa7+ Ke8 26. Rc8# 1-0